000 00389nam a2200133 i 4500
001 bg
100 1 _aSZAMBELAŃCZYK, Jan
245 0 _aZmiany struktury ekonomiczno-społecznej ludności Polski a zaopatzrenie na wyższe wykształcenie /
_cJan Szambelańczyk.
260 _aWarszawa,
_c1982.
040 _cBPK
041 _apol
942 _cKS
008 s pl f |000 0 pol
999 _c21844
_d21844
856 _uhttp://koha.tu.koszalin.pl/cgi-bin/koha/opac-detail.pl?biblionumber=21844
_yKatalog online BPK